00458nam a2200145Ia 4500003000900000008004100009040001600050080001700066100001700083245006900100260007500169300001600244650004100260650001100301IN-BaIIA211028s9999 xx 000 0 eng d cIIA Library a52(083)bSTR aStruve, Otto 0aTabulae quantitatum besselianaum 1840-1864cEdidit Otto StruveĀ  aPetropolibTypis Academiae Imperialis Scientiarum Petropolitanaec1861 axvii, 201p. aAstronomy and Astrophysics Thesaurus aTables